Декламатор. Вып.1: Весна (Запись № 13491067)

Подробности
000 -МАРКЕР
контрольное поле 00962nam2a22002171 4500
001 - ИДЕНТИФИКАТОР ЗАПИСИ
контрольное поле RU\NLR\A1SV\137184
005 - ИДЕНТИФИКАТОР ВЕРСИИ
контрольное поле 20251214192410.0
035 ## - ДРУГИЕ СИСТЕМНЫЕ НОМЕРА
Идентификатор записи (NLR Aleph) 010710726
100 ## - ДАННЫЕ ОБЩЕЙ ОБРАБОТКИ
Данные общей обработки 20150317d1923 u y0rusy50 ca
101 0# - ЯЗЫК РЕСУРСА
Язык текста, звукозаписи и т.д. русский
200 1# - ЗАГЛАВИЕ И СВЕДЕНИЯ ОБ ОТВЕТСТВЕННОСТИ
Основное заглавие Весна
215 ## - ФИЗИЧЕСКАЯ ХАРАКТЕРИСТИКА
Специфическое обозначение материала и объем 42 с.
300 ## - ОБЩИЕ ПРИМЕЧАНИЯ
Текст примечания На цв. бумаге.
461 #1 - УРОВЕНЬ НАБОРА
Встроенное поле 001RU\NLR\A1SV\137179
-- 2000#$aДекламатор$eСб. стихотворений, песен, сценок и игр для детей младшего возраста$fА.Юшманова$vВып.1
-- 700#1$aЮшманова$bА.
Системный номер (АБИС) связанной записи 9770070
Автор Юшманова, А.
Место публикации Минусинск
Дата публикации 1923
Первые сведения об ответственности А.Юшманова
Имя издателя, распространителя и т.д. Гос. тип.
Сведения, относящиеся к заглавию Сб. стихотворений, песен, сценок и игр для детей младшего возраста
Заглавие Декламатор
Номер тома Вып.1
801 #0 - ИСТОЧНИК ЗАПИСИ
Страна Российская Федерация
Организация NLR
Дата составления 20150317
852 ## - МЕСТОНАХОЖДЕНИЕ И ШИФР ХРАНЕНИЯ
Идентификатор организации NLR
942 ## - ДОПОЛНИТЕЛЬНЫЕ ЭЛЕМЕНТЫ ЗАПИСИ (АБИС)
Тип экземпляра АБИС Книга
980 ## - КОЛЛЕКЦИЯ
Название коллекции Международный сводный каталог русской книги (1918-1926)
980 ## - КОЛЛЕКЦИЯ
Название коллекции Национальная библиография

Нет доступных экземпляров.